[Event "Legnica Voivoda Cup 27th"]
[Site "Legnica"]
[Date "2011.11.30"]
[Round "9"]
[White "Kolosowski, Mateusz"]
[Black "Sulypa, Oleksandr"]
[Result "1/2-1/2"]
[WhiteElo "2435"]
[BlackElo "2500"]
[PlyCount "48"]
[EventDate "2011.11.24"]
[EventType "tourn"]
[EventRounds "9"]
[EventCountry "POL"]
[EventCategory "9"]
[SourceTitle "CBM 145 Extra"]
[Source "ChessBase"]
[SourceDate "2012.01.03"]
[SourceVersion "1"]
[SourceVersionDate "2012.01.03"]
[SourceQuality "1"]

1. e4 c6 2. d4 d5 3. Nc3 dxe4 4. Nxe4 Nd7 5. Nf3 Ngf6 6. Ng3 e6 7. Bd3 Bd6 8. 0-0 0-0 9. Re1 c5 10. c3 h6 11. a4 b6 12. Qe2 Bb7 13. Ba6 Bxa6 14. Qxa6 Qc8 15. Qxc8 Rfxc8 16. Bd2 Rd8 17. Red1 Be7 18. Kf1 Nd5 19. a5 Kf8 20. Ra2 Nc7 21. Bf4 Nd5 22. Bd2 Nc7 23. Bf4 Nd5 24. Bd2 Nc7 1/2-1/2

[Event "Wijk Cultural Village"]
[Site "Wijk aan Zee"]
[Date "2010.11.24"]
[Round "9"]
[White "Sulypa, Oleksandr"]
[Black "Grover, Sahaj"]
[Result "1-0"]
[WhiteElo "2490"]
[BlackElo "2432"]
[PlyCount "99"]
[EventDate "2010.11.15"]
[EventType "tourn"]
[EventRounds "9"]
[EventCountry "NED"]
[EventCategory "7"]
[SourceTitle "EXT 2011"]
[Source "ChessBase"]
[SourceDate "2010.11.26"]
[SourceVersion "1"]
[SourceVersionDate "2010.11.26"]
[SourceQuality "1"]

1. d4 d5 2. c4 e6 3. Nf3 Nf6 4. Nc3 Be7 5. Bf4 0-0 6. e3 Nbd7 7. c5 c6 8. h3 b6 9. b4 a5 10. a3 Ba6 11. Bxa6 Rxa6 12. 0-0 Qc8 13. Qc2 Qb7 14. Rfc1 axb4 15. axb4 Rxa1 16. Rxa1 Ra8 17. Rb1 Bd8 18. Ne1 Bc7 19. Nd3 Bxf4 20. exf4 bxc5 21. dxc5 Rc8 22. Ne2 Ne8 23. Nd4 Nc7 24. Ra1 Ra8 25. Qb2 h6 26. Ra2 Rxa2 27. Qxa2 Nb5 28. Nb3 Nc7 29. Qa5 f6 30. Nd4 Kh7 31. Qa4 Nb8 32. Qa5 Nd7 33. Qa4 Nb8 34. g3 Kg6 35. f5+ Kf7 36. fxe6+ Nxe6 37. Nf5 Qa6 38. Qd1 Kg8 39. Qe2 Kf7 40. Nd6+ Ke7 41. b5 Qa1+ 42. Kg2 Kd7 43. Nc8 g5 44. Nb6+ Ke7 45. bxc6 Nxc6 46. Nxd5+ Kd7 47. Nb6+ Ke7 48. Qe4 Qd4 49. Qxc6 Qxd3 50. Nd5+ 1-0

[Event "Wijk Cultural Village"]
[Site "Wijk aan Zee"]
[Date "2010.11.19"]
[Round "5"]
[White "Sulypa, Oleksandr"]
[Black "Arun Prasad, Subramanian"]
[Result "1/2-1/2"]
[WhiteElo "2490"]
[BlackElo "2519"]
[PlyCount "140"]
[EventDate "2010.11.15"]
[EventType "tourn"]
[EventRounds "9"]
[EventCountry "NED"]
[EventCategory "7"]
[SourceTitle "EXT 2011"]
[Source "ChessBase"]
[SourceDate "2010.11.26"]
[SourceVersion "1"]
[SourceVersionDate "2010.11.26"]
[SourceQuality "1"]

1. e4 c5 2. Nf3 d6 3. d4 cxd4 4. Nxd4 Nf6 5. Nc3 a6 6. Bg5 e6 7. f4 Be7 8. Qf3 Qc7 9. 0-0-0 Nbd7 10. g4 h6 11. Bxf6 Bxf6 12. h4 Qb6 13. Nde2 Be7 14. Kb1 Nc5 15. f5 Nd7 16. Nf4 Ne5 17. Qg3 Bd7 18. Be2 g5 19. fxg6 Nxg6 20. Nxg6 fxg6 21. Rhf1 Rh7 22. e5 d5 23. Qd3 0-0-0 24. Qxg6 Ba3 25. b3 Qc7 26. Rd3 Rhh8 27. Qg7 Rdg8 28. Qf6 Kb8 29. Nd1 Bc5 30. a4 Rc8 31. c3 d4 32. Nb2 dxc3 33. Rxc3 Qa5 34. Rfc1 Bd4 35. Nc4 Qb4 36. Rd3 Bxa4 37. Ka2 Rhf8 38. Qxe6 Rf2 39. Qd6+ Qxd6 40. exd6 Rxe2+ 41. Kb1 Bxb3 42. Rxd4 Bxc4 43. Rcxc4 Rxc4 44. Rxc4 Rd2 45. g5 hxg5 46. hxg5 Rxd6 47. Kb2 Rg6 48. Rc5 b6 49. Rf5 Kc7 50. Kc3 Kd6 51. Kd4 Ke7 52. Ke5 Rc6 53. Rf1 Rc5+ 54. Kf4 Rc4+ 55. Kf5 Kf7 56. Rd1 Rc5+ 57. Kf4 Rc4+ 58. Kf5 Rc5+ 59. Kf4 Rc7 60. Rd6 Rb7 61. Kf5 a5 62. Rf6+ Kg7 63. Rg6+ Kf7 64. Rf6+ Kg7 65. Rg6+ Kf8 66. Rc6 a4 67. Kf6 Rb8 68. Rc7 b5 69. g6 Kg8 70. Rg7+ Kh8 1/2-1/2